00391nam a22001337a 4500003000400000008004100004020001800045082001600063100002400079245005400103260003500157300001500192650005000207OSt260513b |||||||| |||| 00| 0 eng d a9780367781583 a595.7bG72H aGovorushko, Sergey  aHuman Insect Interactions/bby Sergey Govorushko aBoca Raton:bCRC Press;c2020. axi, 428 p. aPure sciences | Zoological sciences | Insects